Rektořík, J. a kol.: Ekonomika a řízení odvětví veřejného sektoru. Praha: Ekopress, s.r.o., 2002, 264

Recenzia na knižnú publikáciu Rektořík, J. a kol.: Ekonomika a řízení odvětví veřejného sektoru. Publikácia predstavuje pohľad na ekonomický mechanizmus a riadenie odvetví verejného sektora. Zo štrukturálneho hľadiska má 8 kapitol, ale z hľadiska obsahu možno text rozčleniť na tri časti. Prvá časť s...

Ausführliche Beschreibung

Gespeichert in:
Bibliographische Detailangaben
1. Verfasser: Beňová, Elena
Format: Buchkapitel
Sprache:Slowakisch
Schlagworte:
Tags: Tag hinzufügen
Keine Tags, Fügen Sie das erste Tag hinzu!

MARC

LEADER 00000naa a2200000 4500
001 r049229
005 20230918082318.7
041 0 |a slo 
044 |a SK 
245 1 0 |a Rektořík, J. a kol.: Ekonomika a řízení odvětví veřejného sektoru. Praha: Ekopress, s.r.o., 2002, 264  |c Elena Beňová 
520 |a Recenzia na knižnú publikáciu Rektořík, J. a kol.: Ekonomika a řízení odvětví veřejného sektoru. Publikácia predstavuje pohľad na ekonomický mechanizmus a riadenie odvetví verejného sektora. Zo štrukturálneho hľadiska má 8 kapitol, ale z hľadiska obsahu možno text rozčleniť na tri časti. Prvá časť sa venuje základným otázkam verejného sektora. Druhá sa zaoberá vybranými nástrojmi ekonomiky a riadenia odvetví verejného sektora. Jadrom publikácie je tretia časť, kde sú odvetvia verejného sektora usporiadané do 6 blokov podľa kritéria potrieb. 
610 2 0 |a recenzie 
610 2 0 |a sektor verejný 
610 2 0 |a riadenie 
610 2 0 |a správa verejná 
610 2 0 |a správa štátna 
610 2 0 |a financie verejné 
610 2 0 |a záujmy ekonomické 
610 2 0 |a potreby 
100 1 |a Beňová, Elena